[Event "Belgrade Summer GM 1st"]
[Site "Belgrade"]
[Date "2018.06.25"]
[Round "1"]
[White "Atalik, Suat"]
[Black "Djordjevic, Vuk D"]
[Result "1/2-1/2"]
[WhiteElo "2512"]
[BlackElo "2399"]
[Annotator "Atalik,S"]
[PlyCount "161"]
[EventDate "2018.06.25"]
[EventType "tourn"]
[EventRounds "9"]
[EventCountry "YUG"]
[EventCategory "7"]
[SourceTitle "CBM 186"]
[Source "ChessBase"]
[SourceDate "2018.09.14"]
[SourceVersion "1"]
[SourceVersionDate "2018.09.14"]
[SourceQuality "1"]

1. d4 Nf6 2. c4 e6 3. Nc3 Bb4 4. e3 d5 $5 {One move too early} 5. Nf3 ({
allowing} 5. a3 Bxc3+ 6. bxc3 O-O 7. cxd5 exd5 8. Bd3 c5 9. Ne2 b6 10. O-O Ba6
11. f3 Re8 12. Ng3 Bxd3 13. Qxd3 Nc6 {The Saemisch set up.} 14. Bb2 (14. Ra2
Qd7 15. Re2 Rad8 16. Bb2 h5 $132) 14... h5 $132) 5... O-O 6. Bd3 c5 7. O-O Nc6
8. cxd5 exd5 9. dxc5 Bxc5 10. h3 Qe7 (10... a6 11. b3 d4 12. exd4 (12. Na4 Ba7
13. exd4 Nxd4 14. Bb2 $14) 12... Nxd4 13. Bb2 $14) 11. b3 Ne5 $6 (11... Rd8 12.
Bb2 Ne4 13. Ne2 $14 (13. Rc1 $5)) 12. Bb2 Nxd3 13. Qxd3 Rd8 14. Nd4 Bd6 (14...
Be6 15. Nce2) (14... Ne4 15. Nce2) 15. Ncb5 Be5 (15... Bb8 16. Ba3 Qe5 17. f4
Qe8 18. Rac1 $40) 16. Ba3 Qd7 17. Rad1 $5 {I have found d1 a more useful square
} ({than} 17. Rac1 a6 18. Nc3 Bd6) 17... a6 (17... b6 18. Nc3) 18. Nc3 Bd6 (
18... b5 19. Nce2 Bb7 20. Qf5 $5) 19. Bxd6 Qxd6 20. Rd2 Be6 21. Rc1 Rac8 22.
Rcc2 Nd7 $2 (22... Bd7 23. Nde2 Be6 24. Nf4) (22... h6) 23. Nf5 $18 {wins a
pawn.} Bxf5 (23... Qf8 24. Nxd5 Ne5 25. Qe4) 24. Qxf5 Nb6 25. a4 $5 {I did not
want to go into an ending with only heavy artillery yet.} (25. Nxd5 Rxc2 26.
Qxc2 Nxd5 27. e4 Qc6 28. Qd1 $16) 25... Qe6 26. Qd3 Qe5 27. Nxd5 (27. a5 Nd7)
27... Nxd5 28. Qxd5 Qb8 29. Rxc8 Rxc8 $18 30. Qd6 Qa8 31. Qb6 Qb8 32. f4 Rc7
33. Rd5 h6 34. Kh2 Kh7 35. Qd4 Re7 36. Rd8 Qc7 37. Qd3+ g6 38. Qd4 f6 39. Rd6
$6 (39. b4 $6 {and the pawn moves to b6.}) 39... f5 40. Qf6 Rg7 41. Re6 Qd7 42.
b4 $2 (42. h4 h5 43. e4 Qc7 (43... fxe4 44. f5) 44. e5) (42. a5 Qb5 43. Qe5
Qxb3 44. Re8 {threatening Qb8 was the way to sac the pawn.}) 42... Qxa4 $1 43.
Qf8 (43. Re7 Rxe7 44. Qxe7+ Kg8 45. Qxb7 $16) 43... Qd7 $6 (43... Qa2 $142 44.
Re8 $140 $2 Qg8 $1) (43... Qb3 $142 {even more centralised.}) 44. Re8 g5 45.
Qh8+ Kg6 46. Re5 gxf4 $2 {Iy is better to do the same without an exchange on
f4.} (46... Re7 47. Qg8+ Rg7 48. Qf8 (48. Qe6+ $6 Qxe6 49. Rxe6+ Kh5 50. Rf6
Re7) 48... Rf7 49. Qc5 Qc6) 47. exf4 Re7 (47... Qd4 48. Re6+) 48. Qg8+ Rg7 49.
Qe6+ Qxe6 50. Rxe6+ Kh7 (50... Kh5 $5 51. Rf6) 51. Rf6 Rd7 52. Kg3 $5 (52. Rxf5
Rd4 (52... Kg6 $2 53. g4 Rd4 54. Kg3 (54. b5 Rb4) 54... Rxb4 55. Rd5 $18 {
and White's pawn tandem is faster.} Rb3+ 56. Kh4 Kg7 57. f5 Kf7 58. Rd7+ Kf6 (
58... Kg8 59. Kh5) 59. Rh7) 53. b5 a5 54. b6 Kg6 55. g4 a4 56. Kg3 Rd3+ 57. Kh4
Rf3 58. Rf8 Kg7 59. Rb8 Rxf4 60. Rxb7+ Kg6 61. Ra7 Rb4 $11) 52... Rd3+ 53. Kh4
Rd4 54. Rb6 Rxf4+ 55. Kh5 Rf2 56. Rxb7+ Kg8 57. g3 (57. g4 fxg4 58. hxg4 Rf6
$11) 57... Rf3 58. Kh4 Rb3 (58... f4 59. g4 Rb3) 59. Rb6 Kg7 60. Rxa6 Rxb4+ 61.
Kh5 Rb3 (61... Rb5 62. Rg6+) (61... f4 62. g4 f3) 62. Rg6+ Kf7 63. h4 f4 $1 $11
{The coming R+h,f vs R is a draw due to White's king being squeezed on the
edge.} 64. gxf4 Rb5+ 65. Kxh6 Rf5 66. Rg7+ Kf6 67. Rg4 Kf7 68. h5 Kf6 69. Rh4
Ra5 70. Rg4 Rf5 71. Rg6+ Kf7 72. Rg1 Rxf4 73. Kh7 Rf5 74. h6 Rf2 75. Ra1 Rg2
76. Ra7+ Kf8 77. Rg7 Rf2 78. Kg6 Rg2+ 79. Kf6 Rxg7 80. hxg7+ Kg8 81. Kg6
1/2-1/2

[Event "Bratto op 25th"]
[Site "Bratto"]
[Date "2005.08.24"]
[Round "5"]
[White "Epishin, Vladimir"]
[Black "Atalik, Suat"]
[Result "1-0"]
[WhiteElo "2600"]
[BlackElo "2561"]
[Annotator "Atalik,S"]
[PlyCount "67"]
[EventDate "2005.08.20"]
[EventType "swiss"]
[EventRounds "9"]
[EventCountry "ITA"]
[SourceTitle "CBM 108 Extra"]
[Source "ChessBase"]
[SourceDate "2005.11.04"]
[SourceVersion "1"]
[SourceVersionDate "2005.11.04"]
[SourceQuality "1"]

1. d4 Nf6 2. c4 e6 3. Nf3 d5 4. Nc3 Be7 5. Bf4 O-O 6. e3 c5 7. dxc5 Bxc5 8. Qc2
Nc6 9. Rd1 (9. a3 {is another option giving similar positions.} Be7 (9... Bd7
$5)) 9... Qa5 (9... Be7 10. a3) (9... h6 10. cxd5 exd5 (10... Nb4 $2 11. Qd2
Nbxd5 12. e4 $18)) 10. a3 Be7 11. Be2 $5 {This mixture of systems utterly
surprised me.} dxc4 {After a long thought I have decided to resolve the
tension.} (11... Bd7 12. O-O) 12. Bxc4 Nh5 (12... e5 $6 13. Bg3 Bg4 14. O-O
Rac8 {is the historical but bad line.} 15. Rc1 $1 $16 {was later played by me.}
(15. Nd5 $6 b5)) 13. O-O $1 {I have omitted this move in my analysis.} (13. Bd6
$6 Bxd6 14. Rxd6 Nf6 $11) (13. Bg3 Rd8 $11) 13... Nxf4 14. exf4 $14 {Now
black's problem is d line combined with Bc8.} g6 (14... Rd8 15. Rxd8+ Bxd8 16.
Rd1 $16) 15. g3 Bf6 (15... Rb8 16. Bb5 Bf6 17. Ne4 Bg7 18. Nd6 Bd7 {was an
option.}) (15... Rd8 16. Rxd8+ Bxd8 17. Rd1 Bf6 18. Ne4 Bg7 19. Nd6 $16) (15...
a6 16. Ne4 (16. Be2 Bf6 (16... b5 17. Nxb5 axb5 18. Qxc6 b4 19. axb4) 17. Ne4
Bg7 18. Rd6) (16. Bd3) 16... b5 17. Be2 Bb7 18. Rd7 Qb6 19. Qc3 Rac8 20. Nf6+
Bxf6 21. Qxf6 Nb8 22. Rd2 Qc6 23. Rfd1 Qe4 $132) 16. Rd3 $1 (16. Ne4 Bg7 17.
Nd6 Qb6 18. Rd2 Bd7 19. Rfd1 Rad8 20. b4 Bc8 $11) 16... Qf5 $6 {A very
provocative move.} (16... Rd8 17. Ne4 Bg7 18. b4 Qc7 19. Rfd1 Rxd3 20. Qxd3 a6
21. Qd6 Qxd6 22. Nxd6 h6 23. h4 Kf8 24. Bd3 Ke7 25. Be4 $16) (16... Bg7 $142 $1
17. Rfd1 (17. Qe2 Qh5 18. Re1 Na5 19. Ba2 b6 $11) 17... Qh5 $1 18. Rd6 e5 $132)
(16... Bxc3 17. Rxc3 (17. Qxc3 Qxc3 18. Rxc3 Rd8) 17... Bd7 18. b4 Qb6 19. Rd1
Rfd8 20. Rcd3 Be8 21. Qc3 $16) 17. Re1 $6 {Epish also played not the best here.
} (17. Nb5 Qh5 18. Nd6 Rd8 19. Ne4 Bg7 20. Rxd8+ Nxd8 21. Be2 $16) 17... Na5 (
17... Nd4 18. Nxd4 Bxd4 19. Ne4 Bg7 20. b4 (20. Nd6 Qf6 21. b4) 20... a6 $14) (
17... Bxc3 $2 18. Qxc3 b5 19. Ne5 Nxe5 (19... bxc4 $2 20. Nxc6 Qc5 21. Ne5 Rb8
22. b4 Qc7 23. Rd4 $18) 20. Rxe5 Qh3 21. Rxb5 Ba6 22. Rc5 $16) (17... e5 18.
Nd5 (18. fxe5 Nxe5 19. Nxe5 Bxe5 20. Nd5 Kh8 21. Qe2 Bg7 22. Nc7 Rb8 23. Ne8
$16) 18... exf4 19. Nxf4 Bg7 20. b4 $16) 18. Ba2 Bd7 $2 {This tactical attempt
fails big time!} (18... b6 19. Ne4 Ba6 (19... Bb7 $2 20. Nd6 Qc5 (20... Qh3 21.
b4) 21. Qxc5 bxc5 22. Ne5 c4 23. Nxb7 Nxb7 24. Bxc4 $18) 20. Nxf6+ Qxf6 21. Rc3
Rac8 (21... Rfc8 22. Ree3 Bb7 (22... Rxc3 23. Rxc3) 23. Ne5 Rxc3 24. Rxc3 Rd8
25. b4 Qf5 26. f3 Qxc2 27. Rxc2 Nc6 28. Nxc6 Bxc6 29. Bxe6 Bxf3 30. Kf2 Be4 $11
) 22. Ree3 Bb7 23. Ne5 Qf5 (23... Rfd8 $2 24. b4 Qf5 25. Red3 Qe4 26. Rxd8+
Rxd8 27. Qxe4 Rd1+ 28. Kg2 Bxe4+ 29. f3 Rd2+ 30. Kh3 Nc6 31. fxe4 Nxe5 32. Bxe6
fxe6 33. fxe5 Re2 34. Rc8+ Kf7 35. Rc7+ Kf8 36. Rxa7 Rxe4 37. Rb7 $18) 24. Qxf5
gxf5 25. f3 (25. b4 Nc6) 25... Rfd8 26. Rxc8 Rxc8 27. Kf2 Ba6 $132) 19. Nh4 $3
$18 {I have overlooked this.} (19. Ne4 Bc6 20. Nxf6+ Qxf6 21. Ne5 Be8 22. Qc7
Nc6 23. Qxb7 Rb8 24. Qc7 Rxb2 $11 {was my dream!}) 19... Bxh4 20. Re5 Qg4 21.
Rxd7 $1 {Winning apiece is wrong. White increases the pressure now.} (21. f3 $2
Qh3 22. gxh4 Nc6 23. Rxd7 Nxe5 (23... Rad8) 24. fxe5 Rad8 25. Rxd8 Rxd8 26. Qe2
Qxh4 27. Qe3 Qd4 $11) (21. h3 $2 Qxh3 22. gxh4 Qg4+ 23. Rg3 Qxh4 24. Rxa5 Bc6
25. Ne4 Rfd8 $44) 21... Nc6 (21... Bd8 22. Kg2) 22. Rb5 $1 (22. Kg2 $2 Nxe5 23.
fxe5 Bd8) 22... Bf6 (22... Rad8 23. Rbxb7 Nd4 24. Qe4 Bf6 25. Kg2 a5 26. Bc4
$18) 23. Kg2 $1 $18 {Now the queen is trapped so black can resign here.} e5 $8
(23... Nd4 24. Rxd4 Bxd4 25. h3 $18) 24. Rbxb7 Nd8 (24... Nd4 25. Qe4) 25. Nd5
Bg7 26. Rxa7 Rxa7 27. Rxa7 exf4 (27... e4 28. Ne7+ Kh8 29. Qxe4 Bxb2 30. Qf3
Qxf3+ 31. Kxf3 $18) 28. Nxf4 Bh6 (28... Be5 29. h3 Qg5 30. Nd5 Ne6 31. b4 (31.
Ne7+ Kh8 32. Bxe6 fxe6 33. Nc6 Bg7 34. b4 Qd5+ 35. Kg1 Rc8 36. Ra5 Rxc6 37.
Rxd5 Rxc2 38. Rd8+ Bf8 39. Rxf8+ Kg7 40. Ra8 $18) 31... Rd8 32. Ne7+ $18) 29.
h3 Qg5 30. b4 {White is two pawns up without any challenge.} Qe5 31. Ra5 Qb8
32. Qe4 ({Works as well.} 32. Nxg6 $5 hxg6 33. Qxg6+ Bg7 34. Rh5 $1 (34. Rg5 $2
Qb7+ 35. Kg1 Ne6 36. Bxe6 fxe6 37. Qxe6+ Qf7 38. Qxf7+ Rxf7) 34... Re8 35. Rg5
$1 Qb7+ 36. Kh2 Ne6 37. Bxe6 fxe6 38. Qxe8+ $18) 32... Bg7 33. Bd5 Qc7 34. Ra8
{A good game by Volodya!} 1-0

[Event "TUR-ch"]
[Site "Istanbul"]
[Date "2006.03.12"]
[Round "2"]
[White "Atalik, Suat"]
[Black "Erturan, Yakup"]
[Result "1-0"]
[WhiteElo "2618"]
[BlackElo "2365"]
[Annotator "Atalik,S"]
[PlyCount "71"]
[EventDate "2006.03.11"]
[EventType "tourn"]
[EventRounds "13"]
[EventCountry "TUR"]
[EventCategory "4"]
[SourceTitle "CBM 111 Extra"]
[Source "ChessBase"]
[SourceDate "2006.05.09"]
[SourceVersion "1"]
[SourceVersionDate "2006.05.09"]
[SourceQuality "1"]

1. d4 d5 2. c4 e6 3. Nc3 Be7 4. Nf3 Nf6 5. Bf4 O-O 6. e3 c5 7. dxc5 Bxc5 8. a3
Nc6 9. Qc2 Qa5 10. Rd1 Be7 (10... Ne4 $5 {is an underestimated move.} 11. cxd5
$1 (11. Bd3 $2 Bxa3 12. Bxe4 dxe4 13. Ng5 (13. Nd2 Nb4) 13... Be7 $17) (11. Nd2
Nxc3 (11... Nxd2 12. Qxd2) 12. Nb3 Qa4 13. Qxc3 Be7 14. cxd5 exd5 15. Nc5 Bxc5
16. Qxc5 $14) 11... exd5 12. Rxd5 (12. Bd3 Bxa3) 12... Nxc3 13. Qxc3 (13. bxc3
Ne7 (13... Be6 14. Ng5) 14. Rd2 (14. Rh5 g6) 14... Ng6 15. Bg3 Bxa3 16. Bd3 $14
) 13... Qxc3+ 14. bxc3 Bxa3 15. Nd4 $14) (10... Rd8) 11. Be2 $5 {I have tried
to repeat what Epish has played against me last year in Bratto.} dxc4 $6 {
A common mistake in this position.} (11... Ne4 12. cxd5 Nxc3 13. Qxc3 Qxc3+ 14.
bxc3 exd5 15. Rxd5 Bxa3 16. Nd4 $1 (16. Kd2 b6 17. Nd4 Ne7)) 12. Bxc4 e5 (12...
Qh5 $5 13. Be2 (13. O-O e5 14. Bg3 Bg4 15. Be2 $14) 13... Qg6 14. Qxg6 hxg6 15.
Ne5 $14) (12... Bd7 13. O-O Rfd8 14. Qb3 Qc5 15. Be2 Na5 16. Qa2 $14) (12...
Nh5 13. O-O $1 $40) 13. Bg3 (13. Bg5 e4) 13... Bg4 (13... e4 $2 14. Nd2) 14.
O-O Rac8 {We have an historically important position.} 15. Rc1 $1 {I have
found this move after a very long thought.} (15. Nd5 $6 b5 16. Ba2 Nxd5 17.
Bxd5 Nd4 18. Qd3 b4 $1 19. exd4 Qxd5 $44) (15. Qb1 $6 Bxa3 16. Nd5 Nxd5 (16...
Be7 $2 17. Nxe5) (16... Bxf3 17. Nxf6+ gxf6 18. gxf3) 17. Rxd5 Qb4 18. Ng5 g6
19. Qe4 Ne7 20. Qxg4 Qxc4 21. Qh3 h5 22. Rxe5 Bb4 23. Re4 Qb5 24. Nxf7 Kxf7 25.
Qe6+ Kg7 26. Qe5+ Qxe5 27. Bxe5+ Kg8 28. Rxb4 Nc6 29. Rb5 a6 30. Rd5 Rf5 31. f4
Nxe5 32. e4 Rf6 33. Rxe5 Rc2 34. b3 Rc3 35. b4 Rc4 36. b5 axb5 $11) 15... a6
16. Ba2 $5 $16 {With black's overextention in the center white is clearly
better.} (16. Ng5 $16) 16... Bxf3 $2 {A bad exchange.} (16... Bh5 17. Nh4 $16)
17. gxf3 b5 18. Nd5 $18 Nxd5 19. Bxd5 Na7 (19... Nd4 20. Qxc8 Ne2+ 21. Kg2 Nxg3
22. Rfd1 Rxc8 23. Rxc8+ Bf8 24. hxg3 b4 25. Bc4 $1 $18) 20. Qe4 $18 (20. Qf5 $6
Rxc1 21. Rxc1 Qd2 22. Rc7 Qxd5 23. Rxa7 Bc5 24. Rxa6 $16) 20... Bd6 21. Bxe5 {
I have finally succeeded to grab a pawn.} Rce8 22. f4 $5 {Maybe not the best.}
(22. Bc3 Qd8 (22... Qxc3 23. Rxc3 Rxe4 24. fxe4 $18) 23. Qg4 Be5 24. Rfd1 Qf6
25. Bb4 $18) 22... Kh8 23. Qf5 $5 {This looked better than to grab a second
pawn.} (23. Bxg7+ Kxg7 24. Qd4+ f6 25. Qxa7+ Re7 26. Qd4 Qd8 27. Kh1 $18) 23...
Bxe5 24. fxe5 b4 25. Rfd1 (25. Bxf7 $2 bxa3 (25... Rxe5 26. Qd7) 26. Qd7 axb2
27. Bxe8 bxc1=Q 28. Rxc1 Qxe5 $132) 25... bxa3 26. bxa3 Qxa3 ({I was more
concerned about} 26... Nb5 $5 27. Rd3 (27. Bxf7 Nc3 28. Rd4 Ne2+ 29. Kg2 Nxd4
30. exd4 $16) (27. Be4 g6 28. Qf6+ Kg8) (27. Rc4 $5 Nc3 28. Bxf7 Rxe5 29. Rc8
$18) 27... f6 28. Be4 g6 29. Qh3 f5 30. Rd7 h5 31. Bf3 $18) 27. Bxf7 (27. Be4
g6 28. Qf6+ Kg8 29. Bd5 $18) 27... Nb5 28. Rc6 {White has the terrible threat
of Rh6.} (28. Rc4 $5 Qe7 29. Rd7 $18) 28... Qe7 (28... Nc3 29. Rh6 $1 $18) 29.
e6 (29. Re6 Qxe6 30. Qxe6 Rxe6 31. Bxe6 $18) 29... Rd8 30. Rdc1 $5 (30. Rxd8
Qxd8 (30... Rxd8 31. Qc5 Qh4 32. Bh5 $18) 31. Rc5 h6 32. Rd5 $18) 30... Nd6 (
30... Rd2 31. Rc8) 31. Qc5 $1 $18 {Now the pin is very nasty.} a5 32. Rd1 Nc8
33. Rxd8 (33. Rd7 $5 Qh4 34. Rd4 Qf6 35. Rc7 $18) 33... Qxd8 34. Kg2 $1 (34.
Rxc8 $4 {would have spoiled everything.} Qd1+ 35. Kg2 Qg4+ $11) (34. h3 $18)
34... Ne7 35. Rc7 Qd1 $2 {Losing at once.} (35... Qa8+ 36. f3 Ng8 37. e4 a4 38.
Ra7 Qd8 39. Rxa4 Qd2+ 40. Qf2 Qg5+ 41. Qg3 Qd2+ 42. Kh3 Qh6+ 43. Qh4 Qe3 44.
Qh5 $18) 36. Qd4 $1 1-0

[Event "Moscow op 01st"]
[Site "Moscow"]
[Date "2005.02.27"]
[Round "5"]
[White "Atalik, Suat"]
[Black "Rjabzev, Konstantin"]
[Result "1-0"]
[WhiteElo "2560"]
[BlackElo "2338"]
[Annotator "Atalik,S"]
[PlyCount "65"]
[EventDate "2005.02.25"]
[EventType "swiss"]
[EventRounds "9"]
[EventCountry "RUS"]
[SourceTitle "CBM 106"]
[Source "ChessBase"]
[SourceDate "2005.06.06"]
[SourceVersion "1"]
[SourceVersionDate "2005.06.06"]
[SourceQuality "1"]

1. d4 d5 2. c4 e6 3. Nf3 Nf6 4. Nc3 Be7 5. Bf4 O-O 6. e3 c5 7. dxc5 Bxc5 8. Qc2
Nc6 (8... Qa5 9. Be2 (9. Nd2 $5) 9... Nc6 10. Rd1 {transposes to the game.} (
10. O-O $5)) 9. Rd1 Qa5 10. Be2 $5 {I have decided to play Ivan's System.} dxc4
11. Bxc4 a6 12. O-O b5 $2 $146 {My opponent, a civilised one this time, played
this without any necessary preparation.} (12... Be7 13. a3 b5 14. Bd3 Bb7 15.
Ne4 $40 {is seen in some recent games.}) 13. Ne4 $3 {I think we have looked at
this with Alex during the Aeroflot Open in Moscow.} Be7 (13... Nb4 14. Nxf6+
gxf6 15. Qe4 Bb7 (15... bxc4 16. Bh6 $18) 16. Qxb7 bxc4 17. Bh6 Rfb8 18. Qe4
Bf8 19. Qg4+ Kh8 20. Bxf8 Rxf8 21. Qxc4 $18) (13... bxc4 14. Nfg5 {is the
point of the pseudo combination.} Nxe4 15. Qxe4 g6 16. Qxc6 Qb5 17. Qxa8 Bb7
18. Qd8 $1 Rxd8 19. Rxd8+ Bf8 20. Rfd1 $1 $18 (20. Nxe6 fxe6 21. Bh6 Kf7 22.
Rxf8+ Ke7 23. Rf4 e5 24. Bg5+ Ke8 25. Rh4 Bd5 26. e4 Bg8 27. Rd1 Qxb2 28. Rh3
$18)) 14. Nxf6+ (14. Nfg5 $6 g6 (14... Nxe4 $2 15. Qxe4 Bxg5 16. Bd3 (16. Qxc6
Bb7) 16... f5 17. Qxc6 Bxf4 18. Qxa8 $18) 15. Bb3 Qb6 (15... Nb4 16. Qc3) 16.
Bd6 Ne8 17. Bc5 Bxc5 18. Qxc5 Qxc5 19. Nxc5 $14) (14. Bd3 Bb7 15. Nxf6+ Bxf6
16. Bxh7+ Kh8 17. a3 {transposes to the game.}) 14... Bxf6 15. Bd3 Bb7 (15...
Nb4 $2 16. Bxh7+ Kh8 17. Qc5 $18 (17. Qe4 Nd5 18. Bg5 Qb4 19. Rd4 $1 $18)) 16.
Bxh7+ Kh8 17. a3 $5 {I have thought that I could wait for one more move before
retreating my queen.} (17. Qb1 g6 18. Bxg6 fxg6 19. Qxg6 (19. Rd7 $2 Bc8 20.
Rc7 Ne7) 19... Rad8 (19... Bc8 20. Ng5 Ra7 21. Bd6 Qd8 22. Bc5 Qe8 23. Qh6+ Kg8
24. Bxa7 $18) 20. Bg5 Bxg5 21. Nxg5 Qc7 22. Qh5+ Kg8 23. Nxe6 $18) 17... Rac8 {
After this black does not have Bc8 in case of he forces the sac with g6.} (
17... g6 18. Bxg6 (18. Rd7 Bc8 19. Rc7 (19. Rxf7 Rxf7 20. Qxc6 $18) 19... Ne7
20. Bd6 $18) 18... fxg6 19. Rd7 Bc8 20. Rc7 Ne7 21. Be5 $1 $18) 18. Qb1 $18 {
White has just won a healthy pawn.} Ne7 19. Be4 $1 (19. Ne5 $6 g6 20. Bxg6 Nxg6
21. Nxg6+ fxg6 22. Qxg6 Rcd8 23. b4 Qb6 24. Bh6 Qc7 25. Rxd8 Qxd8 26. Bxf8 Qxf8
$16) 19... Bxe4 20. Qxe4 Nd5 $2 ({Good or bad he had to go for} 20... Bxb2 21.
Bd6 $1 (21. Be5 $2 Rc4 (21... Bxe5 22. Qh4+ Kg8 23. Ng5 Rfd8 $1 $19 (23... Rfe8
$4 24. Qh7+ Kf8 25. Rd7 $18)) 22. Qb7 Bxa3 23. Rd7 f6 $17) (21. Ng5 $6 Nf5 $1 (
21... Ng6 $2 22. Bd6 Bxa3 23. Qg4 $1 $18 {and white delivers checkmate.}) 22.
Bd6 Rfe8 (22... Bf6 23. Bb4 Qc7 24. Bxf8 Bxg5 25. Bb4 $18) 23. Nxf7+ Kg8 24.
Bb4 Qa4 25. Nd6 Nxd6 26. Rxd6 Bxa3 27. Rxe6 Red8 28. Bxa3 Qxa3 $13 {is not so
simple.}) 21... Nf5 (21... Bxa3 22. Qh4+ Kg8 23. Ng5 $18 {and once again
checkmate is unavoidable.}) 22. Bxf8 Rxf8 23. Ng5 Bf6 (23... Qxa3 24. Rd7 Kg8
25. g4 Bf6 26. gxf5 Bxg5 27. fxe6 fxe6 28. Qxe6+ $18) 24. g4 Bxg5 25. gxf5 Qxa3
26. fxe6 fxe6 27. Qxe6 $18 {with a winning position.}) 21. Be5 {Now white's
job is considerably simple. White is not only a pawn up but he has the upper
hand as well.} Rc4 22. Rd4 Rxd4 (22... Rfc8 23. Bxf6 Nxf6 24. Rxc4 bxc4 25. Qb7
$18) 23. Qxd4 Qa4 24. Bxf6 Nxf6 25. Rc1 $18 Qxd4 26. Nxd4 {White has also the
control over the only open file now!} Rd8 27. Kf1 Ng4 (27... e5 28. Nf3 Ne4 29.
Nxe5 Rd2 30. f3 $18) 28. Ke2 Ne5 29. b3 Ng6 (29... Kg8 30. Rc7 (30. h4) 30...
Kf8 31. f4 Ng6 32. Nc6 $18) 30. Rc6 e5 (30... Ra8 31. Rc7 Kg8 32. Nc6 $18 {
with a total domination.}) 31. Nf5 Ra8 32. Rc7 Kg8 33. Nd6 {An easy game after
all.} 1-0

[Event "Kuala Lumpur op"]
[Site "Kuala Lumpur"]
[Date "2014.04.08"]
[Round "6"]
[White "Atalik, Suat"]
[Black "Nolte, Rolando"]
[Result "1/2-1/2"]
[WhiteElo "2562"]
[BlackElo "2417"]
[Annotator "Atalik,S"]
[PlyCount "126"]
[EventDate "2014.04.04"]
[EventType "swiss"]
[EventRounds "9"]
[EventCountry "MAS"]
[SourceTitle "CBM 161"]
[Source "ChessBase"]
[SourceDate "2014.07.16"]
[SourceVersion "1"]
[SourceVersionDate "2014.07.16"]
[SourceQuality "1"]

1. Nf3 Nf6 2. c4 e6 3. Nc3 d5 4. d4 Be7 5. Bf4 O-O 6. e3 c5 ({What can White
do after the rock solid} 6... Nbd7) 7. dxc5 Bxc5 8. Qc2 Nc6 9. a3 Qa5 10. Rd1
Be7 11. Be2 dxc4 (11... Ne4 12. cxd5 Nxc3 13. Qxc3 Qxc3+ 14. bxc3 exd5 15. Rxd5
Bxa3 16. Nd4 (16. O-O $5 a5) 16... Nxd4 17. exd4 b6 18. Kd2 a6 19. Ra1 Be6 20.
Rh5 g6 21. Rxa3 gxh5 22. c4 $44) (11... e5 12. Bg3 $1 dxc4 13. O-O Be6 14. Ng5
b5 15. Bf3 Qb6 16. Nce4 $16 (16. Bg4 $5)) 12. Bxc4 e5 (12... Nh5 13. O-O Nxf4
14. exf4 g6 15. g3 $14) 13. Bg3 Bg4 14. O-O Rac8 15. Rc1 {My trademark!} (15.
Nd5 $5) 15... a6 (15... Bh5 $5 16. Ba2 $5) 16. Ba2 (16. Ng5 Bh5) 16... Bh5 (
16... b5 $2 17. Ng5 (17. Nxe5 Nxe5 18. Bxe5 b4 19. Bxf6 Bxf6 20. axb4 Qxb4 $44)
17... g6 18. Bxf7+ Rxf7 19. Qb3 Rcf8 20. Nd5 Nxd5 21. Nxf7 Rxf7 22. Qxd5 Nd8
23. Bxe5 $16) 17. Qb3 (17. Nh4 $5) 17... Qc7 18. Rfd1 {Only after the game did
I realise that I had exactly the same position seven years ago.} (18. Bb1 {
Atalik-Magalashvili, Izmir 2007}) 18... Rcd8 $5 {There is not much difference
between the rooks.} (18... Rfd8 19. h3 $5 (19. Ng5 Rxd1+ 20. Nxd1 Bd6 21. Nc3
h6 22. Nge4 Nxe4 23. Nxe4 Nd4 24. Rxc7 Rxc7 25. Qc4 Ne2+ 26. Kf1 Nxg3+ 27. hxg3
Rxc4 28. Bxc4 Be7 29. Bd5 b6 $11)) 19. h3 Rxd1+ 20. Nxd1 Bd6 21. Nc3 Rd8 (21...
e4 $6 22. Bxd6 Qxd6 23. Nh4 (23. Ne1 Ne5 24. Qxb7 Nd3 25. Nxd3 exd3 26. Nd1 d2
27. Rc8 $40) (23. Nh2 Ne5 24. g4 Bg6 25. Qxb7 Nd3 26. Rc2 Rb8 27. Qa7 Nxb2 28.
Nd5 $1 Nxd5 29. Bxd5 Nd3 30. Qc7 Qxc7 31. Rxc7 $13) (23. Ng5 Qc5 24. h4 h6 25.
Nh3 Ne5 $132) 23... Ne5 24. Bb1 Nd3 25. Rf1 Qe5 26. Nxe4 Qxe4 27. g4 Bxg4 28.
Bxd3 Bd1 29. Bxe4 Bxb3 30. Bxb7 $16) 22. Bb1 Na5 23. Qa2 Bg6 24. Bxg6 (24. Ng5
e4 $132) 24... hxg6 25. Qb1 Rc8 26. Na2 Nc6 27. Rd1 (27. Nb4 Bxb4 28. axb4 Re8
29. Nd4 Nd5 30. Nxc6 bxc6 31. Qe4 Qb7 32. Rc4 Re6 $11) 27... Qe7 28. Nc3 Bb8
29. Ne4 (29. Ng5 Na5 $13) 29... Rd8 $2 $138 {Rolando errs in his usual time
trouble.} (29... Nxe4 30. Qxe4 Rd8 31. Rxd8+ Qxd8 32. Kh2 g5 $11) 30. Bh4 Rxd1+
31. Qxd1 Qe6 32. Nfg5 $2 {A terribly bad move!} ({I had to play my original
intention no matter what happened:} 32. Bxf6 $1 gxf6 33. Qd7 $1 f5 34. Qxe6
fxe6 35. Nc5 e4 (35... Nd8 $2 36. Nd7 {I somehow missed this}) 36. Ng5 (36. Nd4
Nxd4 37. exd4 Bf4 $132) 36... Be5 37. b3 Bd6 38. Nxb7 Bxa3 39. Nxe6 Kf7 $16)
32... Qe7 (32... Qc4 $2 33. b3) 33. Nxf6+ gxf6 (33... Qxf6 $2 34. Qd7) 34. Ne4
g5 35. Bg3 (35. Qg4 Kg7) (35. Qh5 Kg7 36. Bg3 (36. Ng3 $2 Qe6 37. e4 Ne7 $19)
36... Qe6 37. Qe2 $11) 35... f5 36. Nc3 Qe6 (36... f4 37. Bh2 fxe3 38. fxe3 Ba7
39. Qd3 $11) 37. f3 (37. Qh5 Qg6) 37... Ba7 38. Bf2 Kg7 39. g4 f4 $1 40. exf4
Bxf2+ 41. Kxf2 exf4 42. Ne4 Qe5 43. Qd2 $11 {After having partially lost my
advantage in the game, I had to settle for this strange ending.} a5 $1 (43...
Na5 $6 44. Qb4) 44. Kg2 {By far the safest considering the alternatives.} (44.
Nd6 $5 Nd4 45. Nxb7 a4 $44) (44. Qc3 $6 Qxc3 $1 45. bxc3 Ne5 $1 46. Nxg5 Nc4
47. a4 Nb2 48. Ke2 Nxa4 49. Ne4 Nb2 50. Nd6 a4 51. Nxb7 a3 52. Nc5 a2 53. Nb3
Kg6 54. h4 Na4 55. Kd2 Nc5 56. Na1 Nd7) 44... Ne7 45. Nd6 b6 46. b4 (46. a4 $5
f6 47. b3) 46... axb4 47. axb4 Ng6 (47... Nd5 48. Nf5+ Kf6 49. h4 gxh4 50. Kh3
Qa1 51. Kh2 Qe5 $11) 48. Nf5+ Kh7 49. Kf2 Qa1 50. Kg2 Qe5 (50... Ne5 51. Qd6
$11) 51. Qc2 b5 52. Qa2 (52. h4 $6 gxh4 53. Nxh4 Qe1 54. Nf5 Qxb4 55. Qc1 Ne5
56. Qh1+ Kg8 $17) 52... Kg8 $1 53. Qa8+ (53. Nh6+ Kg7 54. Nxf7 $140 $2 Qe7 $19)
53... Kh7 54. Qa2 Kg8 55. Kf2 Nh4 $1 $11 {There was nothing left after this
good move. It may actually be White who is supposed to equalise as quick as
possible.} 56. Nxh4 Qd4+ (56... Qe3+ 57. Kg2 gxh4 58. Qf2 $11) 57. Ke2 gxh4 (
57... Qe3+ 58. Kf1 gxh4 59. Qe2 $11) 58. Qd2 Qc4+ 59. Qd3 Qxb4 60. Qd8+ Kg7 61.
Qg5+ Kf8 62. Qd8+ Kg7 63. Qg5+ Kf8 1/2-1/2